| 000 | 00552cam a2200193 a 4500 | ||
|---|---|---|---|
| 001 | 000007926 | ||
| 005 | 20240306164224.0 | ||
| 008 | 750115s1983 sp 000 f spa d | ||
| 020 | _z8432204374 | ||
| 040 |
_aDO-SdBNP _bspa _cBNPHU |
||
| 082 |
_aPe863.44 _bV297ca |
||
| 100 | 1 |
_aVargas Llosa, Mario, _d1936- _912567 |
|
| 245 | 1 | 3 |
_aLa casa verde / _cMario Vargas Llosa. |
| 260 |
_aBarcelona : _bSeix Barral, _c1983. |
||
| 300 |
_a430 p. ; _c20 cm. |
||
| 490 | 1 | _aBiblioteca breve | |
| 650 | 4 |
_aNovela peruana _912569 |
|
| 650 | 4 |
_aLiteratura peruana _93140 |
|
| 999 |
_c7704 _d7704 |
||